000 00624nam a2200193Ia 4500
005 20250507130143.0
008 008 250505s9999 xx 000 0 eng d
037 _aDIS
040 _aEASL
_beng
_cEASL
041 _aeng
_2eng
084 _a0000114, PAN
_qEASL
100 _aPanda Jagannath Prasad
_9645111
245 0 _aChina's special economic zones (SEZs): Concept, policy and implications K.R. Sharma
260 _aIndia
_bDelhi University. Social Science. Chinese & Japanese Studies Library
_c2001
300 _a140p.
650 _aDiss
942 _cDIS
_h0000114, PAN
999 _c1318002
_d1318002